Adolescencia y salud /

Guardado en:
Autor Principal: Mosso, Liliana Elisabeth
Otros Autores: I. Penjerek, María Marta
Formato: Libro
Publicado: Buenos Aires : Maipue, 2007
Materias:
Etiquetas: Agregar Etiqueta
Sin Etiquetas, Sea el primero en etiquetar este registro!
LEADER 01019nam a22002415a 4500
001 CEM.cems014989
008 130507s2007##################000#0#####d
005 20241220113731.0
245 1 0 |a Adolescencia y salud /  |c Liliana Elisabeth Mosso y María Marta Penjerek 
260 |a Buenos Aires :  |b Maipue,  |c 2007 
300 |a 230 p. 
505 0 |a 1.-Ser adolescente -- 2.- El adolescente y la salud -- 3.- Salud mental -- 4.- El adolescente frente a las adicciones -- 5.- El adolescente y el descubrimiento de la sexualidad -- 6.- El adolescente y el cuidado del cuerpo -- 7.- Adolescencia y discapacidad -- 8.- El adolescente frente al mundo del trabajo -- 9.- La salud de todos 
020 |a 9789879493304 
100 1 |a Mosso, Liliana Elisabeth 
700 1 |a I. Penjerek, María Marta 
082 0 4 |a 614 
653 |a Adolescencia y salud 
653 |a Salud mental 
653 |a Adicciones 
653 |a Sexo 
653 |a Discriminación 
653 |a Trabajo 
859 |a CEMS  |b BIB. CEMS - 11 de abril  |h 614  |i M855-1  |p 27844.19  |t Ej.2